000 00387 a2200169 4500
001 73090
020 _a851602282
040 _cAnchieta - Colégio São Paulo
100 _aGuimarães, Raul Borges
240 1 0 _aConstruindo geografia
_lpor
245 1 0 _aConstruindo geografia
300 _a208
362 0 _a2000
440 1 _aModerna
650 4 _aGeografia e viagens
942 _cBK
999 _c73090
_d73090